00487 2200193 4500001002100000005001500021035002000036007000300056008004100059020001500100082001000115084001600125100002400141245003200165250001100197260003600208300003100244600001800275INLIS00000000000007920240620022354 a0010-0624000079ta240620 d 1 ind  a9794070998 a808.8 a808.8 RUS y0 aRusman Sutiasumarga1 aYang Terempas dan Tertindas aCet.11 aJakarta :bBalai Pustaka,c2009 a91 hlm. :bilus. ;c21 cm. 4acerita pendek